Formal methods for control of nonlinear systems (Record no. 1237788)

MARC details
000 -LEADER
fixed length control field 00850nam a2200265Ia 4500
005 - DATE AND TIME OF LATEST TRANSACTION
control field 20250117103557.0
008 - FIXED-LENGTH DATA ELEMENTS--GENERAL INFORMATION
fixed length control field 008 250103s9999 xx 000 0 eng d
020 ## - INTERNATIONAL STANDARD BOOK NUMBER
International Standard Book Number 9780367219994
037 ## - SOURCE OF ACQUISITION
Stock number Textual
040 ## - CATALOGING SOURCE
Original cataloging agency CSL
Language of cataloging eng
Transcribing agency CSL
041 ## - LANGUAGE CODE
Language code of text/sound track or separate title eng
Source of code eng
084 ## - COLON CLASSIFICATION NUMBER
Classification number B33,2 R3
Assigning agency CSL
100 ## - MAIN ENTRY--PERSONAL NAME
Personal name Li, Yinan
9 (RLIN) 731774
245 #0 - TITLE STATEMENT
Title Formal methods for control of nonlinear systems
Statement of responsibility, etc. Li, Yinan; Liu, Jun
260 ## - PUBLICATION, DISTRIBUTION, ETC.
Place of publication, distribution, etc. Boca raton
Name of publisher, distributor, etc. CRC Press/T&F New york
Date of publication, distribution, etc. 2023
300 ## - PHYSICAL DESCRIPTION
Extent xviii,253p. ill.
650 ## - SUBJECT ADDED ENTRY--TOPICAL TERM
Topical term or geographic name entry element Basic set theory
9 (RLIN) 734001
650 ## - SUBJECT ADDED ENTRY--TOPICAL TERM
Topical term or geographic name entry element Continuous time dynamical systems
9 (RLIN) 734002
650 ## - SUBJECT ADDED ENTRY--TOPICAL TERM
Topical term or geographic name entry element Formal specification and discrete synthesis
9 (RLIN) 734003
650 ## - SUBJECT ADDED ENTRY--TOPICAL TERM
Topical term or geographic name entry element Interval computation
9 (RLIN) 734004
650 ## - SUBJECT ADDED ENTRY--TOPICAL TERM
Topical term or geographic name entry element Mathematics
700 ## - ADDED ENTRY--PERSONAL NAME
Personal name Liu, Jun
9 (RLIN) 670562
942 ## - ADDED ENTRY ELEMENTS (KOHA)
Koha item type Textual
Classification part B33,2 R3
Holdings
Withdrawn status Lost status Damaged status Not for loan Home library Current library Date acquired Source of acquisition Inventory number Total Checkouts Full call number Barcode Date last seen Price effective from Koha item type
        Central Science Library Central Science Library 2025-01-17 Aadi Books 433, 22/12/2023   B33,2 R3 SL1655738 2025-01-17 2025-01-17 Textual
Copyright @ Delhi University Library System